000 01021nam a2200325 i 4500
003 DO-SdBNP
005 20260519092239.0
007 ta
008 250226t1981 dr 000 p spa d
040 _aDO-SdBNP
_bspa
_cBNPHU
_erda
041 _aspa
082 4 _axxx
_bG633h
_222
100 1 _aGómez Rosa, Alexis,
_d1950-
_eautor
_4aut.
_923501
245 1 3 _aHigh Q /
_cAlexis Gómez Rosa
250 _aprimera edición
264 4 _aSanto Domingo :
_bEditor no identificado,
_c©1981.
300 _a75 páginas :
_bretrato ;
_c22 cm.
336 _atexto
_btxt
_2rdacontent
337 _asin mediación
_bn
_2rdamedia
338 _avolumen
_bnc
_2rdacarrier
490 1 _aColección Luna cabeza caliente
490 1 _aSerie Novilunio
_v5
590 _aInventariado, 2025/ YL
650 4 _aPoesía Dominicana
650 4 _aLiteratura Dominicana
700 1 _aMármol, José
_ecorrección
_982777
830 0 _aColección Luna cabeza caliente
_pSerie Novilunio
_n5
_989656
910 _aYLockward
942 _2ddc
_cLBS1
999 _c58242
_d58242